| 000 | 00669pam a2200205 a 4500 | ||
|---|---|---|---|
| 020 | _a0471800201 | ||
| 040 | _cDLC | ||
| 082 | 0 | 0 | _a634 WIL 1986 A047 Or. |
| 100 | 1 | _aSmith, David M. | |
| 245 | 1 | 4 | _aThe practice of silviculture / |
| 250 | _a8th ed. | ||
| 260 |
_aNew York : _bWiley, _cc1986. |
||
| 300 |
_axiv, 527 p. : _bill. ; _c25 cm. |
||
| 500 | _aRev. ed. of: The practice of silviculture / Ralph C. Hawley. 7th ed. 1962. | ||
| 650 | 0 | _aForests and forestry. | |
| 700 | 1 | _aHawley, Ralph C. | |
| 856 | 4 | 2 | _uhttp://www.loc.gov/catdir/enhancements/fy0608/85026410-d.html |
| 856 | 4 | 1 | _uhttp://www.loc.gov/catdir/enhancements/fy0608/85026410-t.html |
| 942 | _cEK | ||
| 999 |
_c13603 _d13603 |
||